000 01684nam a2200217 a 4500
001 000006119
005 20260120101213.0
008 090826s1998 dr 001 0 spa d
040 _aDO-SdBNP
_bspa
_cBNPHU
082 _a370.115
_bT266v
245 0 0 _aVivamos la democracia :
_bselección de lecturas /
_cselección y sistematización Darío Tejeda.
260 _aSanto Domingo :
_bCentral de Servicios Pedagógicos,
_c1998.
300 _aiii, 166 p. ;
_c22 cm.
500 _aIncluye referencias bibliográficas y notas al pie de las páginas.
505 0 _gI: La democracia :
_tDefiniciones de democracia --
_tLa limitación de lo político --
_tLa libertad del sujeto --
_tLa democracia como forma de vida y como filosofía política --
_tConcepto de democracia, notas características: participación, pluralismo, libertad, respecto mutuo y justicia --
_gII: Educación para la democracia:
_tLa educación moral como necesidad pedagógica --
_tFinalidades y estrategias para la democracia: educación participativa, educación crítica, educación para la paz y educación moral --
_gIII: Educación en democracia:
_tAdquisición de pericia en las decisiones --
_tEl papel del maestro en las decisiones --
_tLibertad para hacer preguntas --
_tIV: Educación democrática:
_tEl papel estratégico de la educación --
_tEl proceso de grupo y la educación --
_tUna educación experimental para desarrollar la democracia en las instituciones educativas.
_gAnexo.
590 _aInventariado, 2018/LP
650 4 _aDemocracia
_xAspectos sociales
_xEnsayos, conferencias, etc.
_917228
650 0 _aCivismo
_917229
700 1 _aRejeda, Darío,
_ecomp.
_917230
910 _aValidado. Control de calidad EMS
999 _c5915
_d5915